00724cam a2200217 a 45000010008000000030004000080050017000120080041000290100017000700200015000870400018001020500020001200820024001401000020001642450071001842600049002553000021003045040054003256300038003798560089004171665283OSt20210224114501.0971106s1982 txu b 000 0 eng  a 97212774  a084993964X aDLCcDLCdDLC00aBS2825.3bIM34R00a228/.077221bIM34R1 aVan Impe, Jack.10aRevelation revealed :ba verse-by-verse study /cby Jack Van Impe. aDallas :bWord Pub.,cc1982g(1996 printing) a272 p. ;c23 cm. aIncludes bibliographical references (p. 267-268).00aBible.pRevelationxCommentaries.423Publisher descriptionuhttp://www.loc.gov/catdir/enhancements/fy0609/97212774-d.html